| 000 | 01170nam0a22002891 4500 | ||
|---|---|---|---|
| 001 | rc\4564208 | ||
| 005 | 20250612120602.0 | ||
| 021 |
_aRU _b[62-69199] |
||
| 035 | _a(NLR Aleph) 008647655 | ||
| 090 |
_a8981919 _c8981919 |
||
| 100 | _a20130416d1962 |||y0rusy50 ca | ||
| 101 | 0 | _arus | |
| 102 | _aRU | ||
| 105 | _ay z ||||| | ||
| 200 | 1 | _aТехнический прогресс и материальная заинтересованность | |
| 210 |
_aМосква _cМоск. рабочий _d1962 |
||
| 215 |
_a60 с. _d20 |
||
| 606 |
_aПринцип материальной заинтересованности при социализме _2psbo |
||
| 606 |
_aТехнический прогресс в СССР _2psbo |
||
| 700 | 1 |
_7ca _8rus _aМаксимов _bА. А. _cдеятель народного просвещения, философ _f1891-1976 _gАлександр Александрович _9166798 _3RU\NLR\AUTH\770166845 |
|
| 701 | 1 |
_aЧугреева _bМ.М. _gМаргарита Михайловна |
|
| 801 | 0 |
_aRU _bNLR _gpsbo |
|
| 801 | 1 |
_aRU _bELAR _2rusmarc |
|
| 852 |
_aNLR _j62-4/15412 |
||
| 942 | _cBOOK | ||
| 980 | _aNB | ||